|
|
|
|
| LEADER |
00000nab a2200000 a 4500 |
| 001 |
vtls000629737 |
| 003 |
SK-MaSNL |
| 005 |
20260304094817.0 |
| 008 |
250425c1997 xo 0 slo |
| 015 |
|
|
|a SNBRB19rr/mm-uuuuu
|
| 035 |
|
|
|a CL0629876
|
| 035 |
|
|
|a urn:nbn:sk:snk-ab9wx4
|
| 035 |
|
|
|a (urnnbn)urn:nbn:sk:snk:ar-a092wz
|
| 035 |
|
|
|a (uuid)06e7d28d-df8b-4fa9-a6e5-8d96f7484787
|
| 040 |
|
|
|a SNKBUCL
|b slo
|c SNKBUCL
|e AACR2
|
| 041 |
0 |
|
|a slo
|
| 044 |
|
|
|a xo
|c SK
|
| 080 |
|
|
|a 820-4
|2 1981
|
| 100 |
1 |
|
|a Burgess, Anthony,
|d 1917-1993
|4 aut
|9 124584
|
| 245 |
1 |
0 |
|a Markíz de Sade v našej posteli
|c Anthony Burgess ; Prekl. Vladislav Gális
|
| 650 |
0 |
7 |
|a eseje
|2 snkbucl
|9 144629
|
| 655 |
|
7 |
|a články z novín a časopisov
|2 snkbucl
|9 267496
|
| 700 |
1 |
|
|a Gális, Vladislav,
|d 1973-
|4 trl
|9 97470
|
| 700 |
1 |
|
|a Sade, Donatien Alphonse François de,
|d 1740-1814
|4 aut
|9 165275
|
| 773 |
0 |
|
|t RAK
|g Roč. 2, č. 2 (1997), s. 48-52
|x 1335-1702
|
| 850 |
|
|
|a Slovenská národná knižnica
|
| 852 |
|
|
|a Slovenská národná knižnica
|
| 958 |
|
|
|a article13
|
| 958 |
|
|
|a LX
|
| 958 |
|
|
|a GB
|
| 958 |
|
|
|a RK
|
| 958 |
|
|
|a OND
|
| 958 |
|
|
|a EUIPO
|
| 992 |
|
|
|a RBX
|
| 999 |
|
|
|c 2829076
|d 2831006
|